00477cam a2200157 a 450000100100000000500170001000800410002704000250006808200180009310000290011124500560014026000520019630000210024865000230026965000270029200000864720200929161358.0860227s1974 ec 000 0 spa  aDO-SdBNPbspacBNPHU a863.44bM779p1 aMontesinos Malo, Arturo.13aEl peso de la nube parda /cArturo Montesinos Malo. aQuito :bCasa de la Cultura Ecuatoriana,c1974. a477 p. ;c22 cm. 4aNovela ecuatoriana 4aLiteratura ecuatoriana